| 000 | 01032nac a22002531u 4500 | ||
|---|---|---|---|
| 010 | _a 2005058927 | ||
| 020 | _a0273646354 (alk. paper) | ||
| 020 | _a9780273646358 | ||
| 035 | _a(OCoLC)ocm62741583 | ||
| 082 | 0 | 0 |
_a658.84 _bSCH |
| 090 |
_c8412 _d8412 |
||
| 100 | _aSchmidt, Marcus, | ||
| 245 | 1 | 0 |
_aMarketing research : an international approach / _ban international approach / _cMarcus J. Schmidt, Svend Hollensen. |
| 260 |
_aHarlow, England ; _aNew York : _bPrentice Hall/Financial Times,2006 _cc2006. |
||
| 300 |
_axiv, 613 p. : _bill. ; _c25 cm. |
||
| 500 | _aDistributer: Al-Ahram | ||
| 504 | _aIncludes bibliographical references and index. | ||
| 511 | _aCatalogued by: Sara | ||
| 650 | 0 |
_aMarketing research _xMethodology. |
|
| 650 | 0 |
_aExport marketing _xResearch _xMethodology. |
|
| 700 | 1 | _aHollensen, Svend. | |
| 942 |
_cBB _k658.84SCH |
||
| 999 |
_c8412 _d8412 |
||